Loading...
| Beliefs | 7 | 12.86 | 1,543% | 257% | 257% |
| Current Events | 2 | 20.00 | 1,800% | 600% | 300% |
| Fine Arts - Auditory | 7 | 12.86 | 1,543% | 171% | 343% |
| Fine Arts - Visual | 6 | 20.00 | 1,200% | 500% | 500% |
| Geography | 1 | 10.00 | 0% | 0% | 600% |
| History - American | 2 | 20.00 | 3,600% | 300% | 300% |
| History - European | 2 | 15.00 | 0% | 300% | 600% |
| History - World | 5 | 20.00 | 2,880% | 360% | 360% |
| Literature - American | 4 | 17.50 | 1,800% | 450% | 300% |
| Literature - British | 5 | 14.00 | 720% | 480% | 240% |
| Literature - European | 7 | 20.00 | 2,571% | 257% | 514% |
| Literature - World | 1 | 20.00 | 0% | 600% | 600% |
| Other Academic | 1 | 30.00 | 3,600% | 600% | 600% |
| Other Arts: Auditory | 1 | 20.00 | 3,600% | 600% | 0% |
| Other Arts: Visual | 1 | 20.00 | 0% | 600% | 600% |
| Other Science: Computer Science | 1 | 10.00 | 0% | 600% | 0% |
| Other Science: Math | 1 | 10.00 | 0% | 0% | 600% |
| Philosophy | 3 | 20.00 | 3,600% | 200% | 400% |
| Science - Biology | 6 | 15.00 | 2,400% | 200% | 300% |
| Science - Chemistry | 5 | 16.00 | 720% | 480% | 360% |
| Science - Physics | 5 | 18.00 | 2,880% | 240% | 360% |
| Social Science | 4 | 20.00 | 2,700% | 450% | 300% |
| 8 | 22.50 | 2,700% | 300% | 600% |